00432nam a2200181 a 4500001001300000003000900013005001700022008004100039020001000080082002000090100001700110245001800127260002300145300000800168500003500176650002200211700001700233nice12345678IN_TiNIC20260116014237.0070312s2000 dela grd 000 0 eng  ac10000a324.245408bMIR aMirza, Saeed aUnheard Voice aDelhibAnhadc2000 a00p aincludes index and biblioraphy aCommunalism-India1 aMirza, Saeed